Human geography : (Record no. 542405)
[ view plain ]
| 000 -LEADER | |
|---|---|
| fixed length control field | 00733cam a2200205 a 4500 |
| 020 ## - INTERNATIONAL STANDARD BOOK NUMBER | |
| International Standard Book Number | 0471441074 (alk. paper) |
| 082 00 - DEWEY DECIMAL CLASSIFICATION NUMBER | |
| Classification number | 304.2 |
| Author Mark | BLJ |
| -- | N-01,P-145 |
| 100 1# - MAIN ENTRY--PERSONAL NAME | |
| Personal name | De Blij, Harm J. |
| 9 (RLIN) | 9997 |
| 245 10 - TITLE STATEMENT | |
| Title | Human geography : |
| Remainder of title | culture, society, and space. |
| 250 ## - EDITION STATEMENT | |
| Edition statement | 7th ed. / |
| 260 ## - PUBLICATION, DISTRIBUTION, ETC. | |
| Place of publication, distribution, etc. | Islamabad : |
| Name of publisher, distributor, etc. | National Book Foundation, |
| Date of publication, distribution, etc. | c2003. |
| 300 ## - PHYSICAL DESCRIPTION | |
| Extent | xii, 555, 28, 10 p. : |
| Other physical details | col. ill., col. maps ; |
| Dimensions | 28 cm. |
| 526 ## - STUDY PROGRAM INFORMATION NOTE | |
| Program name | 0 |
| Interest level | 0 |
| Reading level | 0 |
| Title point value | 304_200000000000000_BLJ |
| 650 #0 - SUBJECT ADDED ENTRY--TOPICAL TERM | |
| Topical term or geographic name entry element | Human geography. |
| 9 (RLIN) | 13071 |
| 650 #0 - SUBJECT ADDED ENTRY--TOPICAL TERM | |
| Topical term or geographic name entry element | NUST |
| 9 (RLIN) | 6342 |
| 700 1# - ADDED ENTRY--PERSONAL NAME | |
| Personal name | Murphy, Alexander B., |
| 9 (RLIN) | 37556 |
| 856 41 - ELECTRONIC LOCATION AND ACCESS | |
| Uniform Resource Identifier | <a href="http://www.loc.gov/catdir/toc/wiley023/2002066396.html">http://www.loc.gov/catdir/toc/wiley023/2002066396.html</a> |
| 856 42 - ELECTRONIC LOCATION AND ACCESS | |
| Uniform Resource Identifier | <a href="http://www.loc.gov/catdir/description/wiley037/2002066396.html">http://www.loc.gov/catdir/description/wiley037/2002066396.html</a> |
| 942 ## - ADDED ENTRY ELEMENTS (KOHA) | |
| Source of classification or shelving scheme | |
| Koha item type | Book |
| Withdrawn status | Lost status | Source of classification or shelving scheme | Damaged status | Not for loan | Permanent Location | Current Location | Date acquired | Total Checkouts | Full call number | Barcode | Date last seen | Date last checked out | Price effective from | Koha item type |
|---|---|---|---|---|---|---|---|---|---|---|---|---|---|---|
| Military College of Engineering (MCE) | Military College of Engineering (MCE) | 11/27/2013 | 1 | 304.2 BLJ | MCE-38120 | 06/23/2017 | 05/22/2017 | 11/27/2013 | Book |
